000 00740nam a22001937a 4500
003 OSt
005 20161017104918.0
008 161005b xxu||||| |||| 00| 0 eng d
040 _aSEKU
050 _aS 790.3
_b.W
100 _awarinda, Enock
245 _aImpact of regional Agricultural projects on Socioeconomic growth in East Africa
_bA Thesis in fulfillment of the requirements for the Degree of Doctor of Philosphy in Agricutural Economics Department of Agricultural Economics and Agri-Business School of Agriculture and Veterinary Sciences South Eastern Kenya University
_cEnock Warinda
260 _c2016.
300 _a247 p.
650 _aAgriculture
650 _aFarming
650 _aIndustrial Arts
942 _2lcc
_cTHE
999 _c15418
_d15418